_Pure mathematics 1 (Record no. 5767)
[ view plain ]
| 000 -LEADER | |
|---|---|
| fixed length control field | 00431nam a2200169Ia 4500 |
| 008 - FIXED-LENGTH DATA ELEMENTS--GENERAL INFORMATION | |
| fixed length control field | 151021s9999 xx 000 0 und d |
| 020 ## - INTERNATIONAL STANDARD BOOK NUMBER | |
| International Standard Book Number | 582353866 |
| 050 ## - LIBRARY OF CONGRESS CALL NUMBER | |
| Classification number | QA39.2.B361957 |
| 245 ## - TITLE STATEMENT | |
| Title | _Pure mathematics 1 |
| 250 ## - EDITION STATEMENT | |
| Edition statement | Rivised ed. |
| 260 ## - PUBLICATION, DISTRIBUTION, ETC. (IMPRINT) | |
| Place of publication, distribution, etc. | USA Longman 1957 |
| 300 ## - PHYSICAL DESCRIPTION | |
| Extent | xvii,587p.;ill. |
| 500 ## - GENERAL NOTE | |
| General note | includes index |
| 650 ## - SUBJECT ADDED ENTRY--TOPICAL TERM | |
| Topical term or geographic name as entry element | _Maths |
| 700 ## - ADDED ENTRY--PERSONAL NAME | |
| Personal name | _S.P.T.Houldsworth |
| 980 ## - EQUIVALENCE OR CROSS-REFERENCE-SERIES STATEMENT--PERSONAL NAME/TITLE [LOCAL, CANADA] | |
| Personal name | ^d20131010 04:09:59^oanne |
No items available.